000 00651nam a2200133Ia 4500
008 171212s9999 xx 000 0 und d
020 _a9780833049773
100 _aWillis, Henry H.;Predd, Joel B.;Davis, Paul K.;Brown, Wayne P.
245 _cWillis, Henry H.;Predd, Joel B.;Davis, Paul K.;Brown, Wayne P.
_aMeasuring the Effectiveness of Border Security Between Ports-of-Entry
260 _bRAND Corporation
_c2010
650 _aBorder security -- United States -- Evaluation; United States. Dept. of Homeland Security -- Planning; Strategic planning -- United States
650 _aPolitical Science
856 _uwww.jstor.org/stable/10.7249/tr837dhs
999 _c352310
_d352310